Makroekonomická analýza
Na minha lista:
| Autor principal: | |
|---|---|
| Autor Corporativo: | |
| Formato: | Livro |
| Idioma: | eslovaco |
| Publicado em: |
Bratislava
Ekonóm
1997
|
| Edição: | 1. vyd. |
| Assuntos: | |
| Tags: |
Sem tags, seja o primeiro a adicionar uma tag!
|
MARC
| LEADER | 00000nam a2200000 4500 | ||
|---|---|---|---|
| 001 | c019092 | ||
| 005 | 20221214071317.4 | ||
| 020 | |a 80-225-0828-4 | ||
| 041 | 0 | |a slo | |
| 044 | |a SK | ||
| 245 | 1 | 0 | |a Makroekonomická analýza |c Pavol Vincúr |
| 250 | |a 1. vyd. | ||
| 264 | 1 | |a Bratislava |b Ekonóm |c 1997 | |
| 300 | |a 206 s. | ||
| 610 | 2 | 0 | |a analýza ekonomická |
| 610 | 2 | 0 | |a makroekonomika |
| 610 | 2 | 0 | |a účty národné |
| 610 | 2 | 0 | |a input-output |
| 610 | 2 | 0 | |a produkt národný hrubý |
| 610 | 2 | 0 | |a dôchodok národný |
| 610 | 2 | 0 | |a analýzy |
| 610 | 2 | 0 | |a rovnováha hospodárska |
| 100 | 1 | |a Vincúr, Pavol | |
| 710 | 2 | |a Vysoká škola ekonomická v Bratislave. Národohospodárska fakulta | |